Longest UFC champions from each division (at one time) - Statistics

General Stats
  • This quiz has been taken 497 times
  • The average score is 8 of 12
Answer Stats
Weight division Answer % Correct
Light Heavyweight Jon Jones (1,501 days)
97%
Middleweight Anderson Silva (2,457 days)
92%
Flyweight Demetrious Johnson (1,983 days)
90%
Featherweight Jose Aldo (1,848 days)
90%
Welterweight Georges St-Pierre (2,204 days)
88%
Bantamweight Dominick Cruz (1,117 days)
76%
Women's Bantamweight Ronda Rousey (1,074 days)
76%
Lightweight B.J. Penn (812 days)
59%
Women's Featherweight Cris Cyborg (212 days)
50%
Women's Strawweight Joanna Jedrzejczyk (966 days)
47%
Heavyweight Cain Velasquez (896 days)
23%
Women's Flyweight Nicco Montano (87 days)
17%
No matching quizzes found
Score Distribution
Percent of People with Each Score
Percentile by Number Answered
Your Score History
You have not taken this quiz